Paternidad

Furkejuvvon:
Bibliográfalaš dieđut
Váldodahkki: Theuriet, André (Dahkki)
Materiálatiipa: Girji
Giella:espánnjágiella
Almmustuhtton: Buenos Aires La Nación 1912
Ráidu:Biblioteca de la Nación
Fáttát:
Fáddágilkorat: Lasit fáddágilkoriid
Eai fáddágilkorat, Lasit vuosttaš fáddágilkora!

MARC

LEADER 00000nam a2200000 a 4500
001 UCZ5876
003 CL-VaPUC
008 951127e19120000AG |||||||||||||||||spa|d
082 0 4 |a 843  |b THE  |2 21 
100 0 |a Theuriet, André  |e author  |9 350051 
245 1 0 |a Paternidad 
300 |a 221 p 
942 |c BK 
945 |d 19951127 00:00:00  |a rbrito 
260 |a Buenos Aires  |b La Nación  |c 1912 
650 0 |a Novela francesa  |9 264985 
583 |a last modification  |c 19951127 00:00:00  |k Rodrigo Vera 
490 0 |a Biblioteca de la Nación 
999 |c 242156  |d 242154 
952 |0 0  |1 0  |4 0  |6 843_000000000000000_THE_1912  |7 0  |8 A  |9 254910  |a BIBEDU  |b BIBEDU  |d 2019-11-19  |i 3155129  |o 843 THE 1912  |p 3155129  |r 2019-11-19  |w 2019-11-19  |y BK  |k LIT